000 00549nam a2200193 4500
001 109409
003 ES-MaACL
007 t|
008 061121s1953 sp r ||||1| spa d
100 1 _aMújica, Elisa.
_984088
245 1 0 _aAngela y el diablo
_b: cuentos /
_cElisa Mújica.
260 _aMadrid :
_bAguilar,
_c1953.
300 _aXII, 165 p., 14 lám. ;
_c20 cm.
490 1 _aColección literaria
830 0 _aColección literaria (Aguilar)
_9236293
852 _aES-MaACL
_jC-7326
_bR.35319
942 _2udc
999 _c109409
_d109409